[Event "FIRST SATURDAY TOURNAMENTS Budapest FM B"]
[Site "Budapest"]
[Date "2012.07.13"]
[Round "7.6"]
[White "Olah, Laszlo Istvan"]
[Black "Mihajlova, Diana"]
[Result "1-0"]
[WhiteElo "1635"]
[BlackElo "1431"]
[PlyCount "73"]
[EventDate "2012.07.07"]

1. e4 d5 2. exd5 Nf6 3. c4 e6 4. Nc3 exd5 5. Qb3 d4 6. Nd5 Bc5 7. Bd3 Nxd5 8.
cxd5 Qe7+ 9. Ne2 Bg4 10. O-O O-O 11. Re1 Nd7 12. Qc2 f5 13. b3 Ne5 14. Bb2 Nxd3
15. Qxd3 f4 16. Nxd4 Qf6 17. Bc3 Qh4 18. Qc4 Bd6 19. Nf3 Bxf3 20. gxf3 Rf5 21.
Kf1 Qh3+ 22. Ke2 Re8+ 23. Kd3 Qxf3+ 24. Kc2 Rxe1 25. Rxe1 Kf7 26. Qb5 Be7 27.
Qd7 Kg6 28. Rxe7 Rxd5 29. Rxg7+ Kh5 30. Rxh7+ Kg6 31. Qf7+ Kg5 32. Qf6+ Kg4 33.
Qh4+ Kf5 34. Rh5+ Ke6 35. Qf6+ Kd7 36. Rh7+ Ke8 37. Qe7# 1-0

[Event "FIRST SATURDAY TOURNAMENTS Budapest FM B"]
[Site "Budapest"]
[Date "2012.07.14"]
[Round "8.1"]
[White "Czipp, Janos"]
[Black "Mihajlova, Diana"]
[Result "1-0"]
[WhiteElo "1414"]
[BlackElo "1431"]
[PlyCount "83"]
[EventDate "2012.07.07"]

1. d4 Nf6 2. Nf3 d5 3. e3 Bg4 4. Be2 Nc6 5. Nbd2 e6 6. a3 Bd6 7. c4 Ne4 8. Nxe4
dxe4 9. Nd2 Bxe2 10. Qxe2 b6 11. Nxe4 Be7 12. O-O f5 13. Nc3 a6 14. b4 Bf6 15.
Rd1 Qe7 16. Qf3 Qd7 17. Bb2 O-O 18. Rac1 Bg5 19. Ne2 Rad8 20. d5 Ne7 21. Rc2
exd5 22. Rcd2 c6 23. Nf4 Bxf4 24. Qxf4 Ng6 25. Qg5 Qf7 26. cxd5 cxd5 27. f4 Qe6
28. Qg3 Rfe8 29. Bd4 b5 30. Rd3 Qf7 31. Rc3 Nf8 32. Rdc1 Ne6 33. Be5 d4 34.
exd4 Nxd4 35. Bxd4 Rxd4 36. Qf2 Red8 37. h3 Qa7 38. Kh2 Qb8 39. Rc7 Rd3 40.
R1c5 Rxa3 41. Qb2 Rad3 42. Qxg7# 1-0

[Event "FIRST SATURDAY TOURNAMENTS Budapest FM B"]
[Site "Budapest"]
[Date "2012.07.14"]
[Round "8.2"]
[White "Benyeda, Tibor"]
[Black "Olah, Laszlo Istvan"]
[Result "1/2-1/2"]
[WhiteElo "1623"]
[BlackElo "1635"]
[PlyCount "39"]
[EventDate "2012.07.07"]

1. e4 e5 2. Nf3 Nc6 3. Nc3 Nf6 4. Be2 Bb4 5. a3 Bxc3 6. dxc3 O-O 7. Bd3 d6 8.
O-O Bg4 9. h3 Bxf3 10. Qxf3 h6 11. Bb5 Ne7 12. Be3 Ng6 13. c4 a6 14. Ba4 c5 15.
b4 Qc7 16. Bb3 Rad8 17. b5 a5 18. a4 b6 19. c3 Nh7 20. Rad1 1/2-1/2

[Event "FIRST SATURDAY TOURNAMENTS Budapest FM B"]
[Site "Budapest"]
[Date "2012.07.14"]
[Round "8.3"]
[White "Sandor, Laszlo"]
[Black "Balla, Attila"]
[Result "0-1"]
[WhiteElo "1490"]
[BlackElo "1782"]
[PlyCount "54"]
[EventDate "2012.07.07"]

1. e4 e5 2. Nc3 Nf6 3. Bc4 Nc6 4. Nf3 Bc5 5. d3 d6 6. Bg5 Bg4 7. h3 Bh5 8. g4
Bg6 9. Nh4 h6 10. Nxg6 fxg6 11. Bd2 g5 12. Na4 Nd7 13. Nxc5 Nxc5 14. Be3 Nd7
15. a3 Qf6 16. Qe2 Nd4 17. Bxd4 exd4 18. O-O-O Rf8 19. Rdf1 Ne5 20. Bb3 Ke7 21.
Kd1 Qf4 22. Ba2 Rf6 23. Rhg1 Nf3 24. Rg2 Nh4 25. Rgg1 Raf8 26. Rh1 Ng2 27. Qd2
Ne3+ 0-1

[Event "FIRST SATURDAY TOURNAMENTS Budapest FM B"]
[Site "Budapest"]
[Date "2012.07.14"]
[Round "8.6"]
[White "Nemeth, Otto"]
[Black "Gruz, Janos"]
[Result "0-1"]
[WhiteElo "1837"]
[BlackElo "1868"]
[PlyCount "29"]
[EventDate "2012.07.07"]

1. e4 c5 2. Nf3 d6 3. Bc4 e6 4. Nc3 a6 5. a4 Nf6 6. d3 Be7 7. Bd2 Nbd7 8. a5
O-O 9. h3 b5 10. axb6 Nxb6 11. Bb3 Bb7 12. Na4 Nfd7 13. O-O Qc7 14. Ba5 Qc6 15.
Nc3 0-1

[Event "FIRST SATURDAY TOURNAMENTS Budapest FM B"]
[Site "Budapest"]
[Date "2012.07.15"]
[Round "9.1"]
[White "Gruz, Janos"]
[Black "Czipp, Janos"]
[Result "1-0"]
[WhiteElo "1868"]
[BlackElo "1414"]
[PlyCount "23"]
[EventDate "2012.07.07"]

1. c4 c5 2. Nc3 Nc6 3. g3 Nf6 4. Bg2 e6 5. e4 g6 6. Nge2 Bg7 7. O-O O-O 8. Rb1
Ng4 9. h3 Nge5 10. d3 d5 11. cxd5 exd5 12. Nxd5 1-0

[Event "FIRST SATURDAY TOURNAMENTS Budapest FM B"]
[Site "Budapest"]
[Date "2012.07.15"]
[Round "9.3"]
[White "Prohaszka, Gyula Imre"]
[Black "Schmidt, Wolfgang"]
[Result "0-1"]
[WhiteElo "1260"]
[BlackElo "1444"]
[PlyCount "58"]
[EventDate "2012.07.07"]

1. d4 Nf6 2. c4 g6 3. Nf3 Bg7 4. Nc3 d6 5. e4 O-O 6. Bd3 Nfd7 7. O-O e5 8. d5
h6 9. Be3 Nf6 10. h3 Nh7 11. Qd2 g5 12. h4 f6 13. Kh1 a6 14. g3 Nd7 15. b4 c5
16. bxc5 Nxc5 17. Bxc5 dxc5 18. Qe3 b6 19. Rab1 Rb8 20. Na4 f5 21. Nxc5 f4 22.
Qe2 Qf6 23. Nh2 gxh4 24. gxh4 Qxh4 25. Rg1 f3 26. Qd1 Kh8 27. Bf1 Bf6 28. d6
Bg5 29. Qd5 Bf4 0-1

[Event "FIRST SATURDAY TOURNAMENTS Budapest FM B"]
[Site "Budapest"]
[Date "2012.07.15"]
[Round "9.6"]
[White "Mihajlova, Diana"]
[Black "Benyeda, Tibor"]
[Result "1-0"]
[WhiteElo "1431"]
[BlackElo "1623"]
[PlyCount "105"]
[EventDate "2012.07.07"]

1. e4 c5 2. Nf3 Nc6 3. d4 cxd4 4. Nxd4 e5 5. Nf3 Be7 6. Bb5 Qa5+ 7. Nc3 a6 8.
Bxc6 bxc6 9. O-O Nf6 10. Bd2 Qc7 11. Qe1 a5 12. Na4 Ba6 13. Bxa5 Qb7 14. Nb6
Bxf1 15. Nxa8 O-O 16. Nb6 Bxg2 17. Kxg2 d6 18. Rd1 c5 19. Nd5 Nxd5 20. Rxd5
Qxb2 21. Bc7 Qxa2 22. Bxd6 Bxd6 23. Rxd6 Qxc2 24. Nxe5 h6 25. Nd7 Re8 26. e5
Re6 27. Rxe6 fxe6 28. h3 c4 29. Nc5 c3 30. Ne4 Qd3 31. Nxc3 Qg6+ 32. Kh2 Qf5
33. Qe3 g5 34. Ne2 Kf7 35. Nd4 Qg6 36. Qf3+ Ke7 37. Qb7+ Kf8 38. Qc8+ Ke7 39.
Nc6+ Kf7 40. Nd8+ Ke7 41. Qc7+ Ke8 42. Nc6 Kf8 43. Qe7+ Kg8 44. Nd8 Qf5 45.
Qxe6+ Qxe6 46. Nxe6 Kf7 47. Nd4 Kg6 48. Kg3 h5 49. f3 Kf7 50. f4 gxf4+ 51. Kxf4
Ke7 52. h4 Kf7 53. Kg5 1-0

[Event "FIRST SATURDAY TOURNAMENTS Budapest FM B"]
[Site "Budapest"]
[Date "2012.07.16"]
[Round "10.1"]
[White "Czipp, Janos"]
[Black "Benyeda, Tibor"]
[Result "0-1"]
[WhiteElo "1414"]
[BlackElo "1623"]
[PlyCount "73"]
[EventDate "2012.07.07"]

1. d4 d6 2. e4 Nf6 3. Bd3 c5 4. Ne2 cxd4 5. Nxd4 e5 6. Ne2 Nc6 7. c3 Be7 8. O-O
O-O 9. Qc2 Be6 10. Rd1 Qb6 11. Be3 Qc7 12. Nd2 Rac8 13. Rac1 Qb8 14. Qb1 Ng4
15. Nf1 Rfd8 16. h3 Nf6 17. Nfg3 g6 18. f4 Rc7 19. f5 Bc8 20. fxg6 fxg6 21. Rf1
Kg7 22. Rf2 b5 23. Rcf1 a6 24. Bg5 Qa7 25. Kh1 Rf8 26. Qc1 Ng8 27. Be3 Qb7 28.
Rxf8 Bxf8 29. Ng1 Rf7 30. Nf3 Be7 31. Bc2 Be6 32. Rd1 Qc8 33. Bb3 Bxb3 34. axb3
Rxf3 35. Kh2 Rf7 36. Qd2 Na5 37. Rc1 0-1

[Event "FIRST SATURDAY TOURNAMENTS Budapest FM B"]
[Site "Budapest"]
[Date "2012.07.16"]
[Round "10.2"]
[White "Sandor, Laszlo"]
[Black "Mihajlova, Diana"]
[Result "0-1"]
[WhiteElo "1490"]
[BlackElo "1431"]
[PlyCount "38"]
[EventDate "2012.07.07"]

1. e4 d5 2. exd5 Nf6 3. d4 Bf5 4. Nf3 c6 5. dxc6 Nxc6 6. c3 e6 7. Nh4 Bxb1 8.
Rxb1 Qd5 9. Ra1 Qe4+ 10. Qe2 Qxh4 11. g3 Qe4 12. Qxe4 Nxe4 13. Bg2 Nf6 14. O-O
Bd6 15. Bd2 O-O-O 16. Rfe1 Ne7 17. Re2 h5 18. h3 Nh7 19. Rae1 g5 0-1

[Event "FIRST SATURDAY TOURNAMENTS Budapest FM B"]
[Site "Budapest"]
[Date "2012.07.16"]
[Round "10.4"]
[White "Schmidt, Wolfgang"]
[Black "Balla, Attila"]
[Result "0-1"]
[WhiteElo "1444"]
[BlackElo "1782"]
[PlyCount "82"]
[EventDate "2012.07.07"]

1. d4 d5 2. Nf3 Nf6 3. c4 e6 4. Nc3 Be7 5. e3 b6 6. cxd5 Nxd5 7. e4 Nxc3 8.
bxc3 Bb7 9. Bd3 O-O 10. O-O Nd7 11. c4 c5 12. d5 exd5 13. cxd5 Bf6 14. Rb1 Re8
15. Re1 Rc8 16. Bb2 c4 17. Bxf6 Nxf6 18. Bc2 a6 19. a4 Ba8 20. Nd4 Rb8 21. Re3
Qc7 22. Qe2 Qc5 23. Nf5 b5 24. axb5 axb5 25. Qd1 g6 26. Nd4 Re7 27. Kh1 Ra7 28.
d6 Qxd6 29. e5 Qd5 30. f3 Re7 31. Rxb5 Rxb5 32. Nxb5 Qxd1+ 33. Bxd1 Nd5 34. Re1
Rb7 35. Nd6 Rb1 36. Ne4 c3 37. Rg1 Rb2 38. Ba4 c2 39. Nd2 Nc3 40. Bb3 Ne2 41.
Bxf7+ Kxf7 0-1

[Event "FIRST SATURDAY TOURNAMENTS Budapest FM B"]
[Site "Budapest"]
[Date "2012.07.16"]
[Round "10.5"]
[White "Nemeth, Otto"]
[Black "Prohaszka, Gyula Imre"]
[Result "1-0"]
[WhiteElo "1837"]
[BlackElo "1260"]
[PlyCount "27"]
[EventDate "2012.07.07"]

1. e4 c6 2. d4 d5 3. e5 Bf5 4. Bd3 Bxd3 5. Qxd3 e6 6. Nf3 c5 7. b3 Nc6 8. Be3
cxd4 9. Bxd4 Nxd4 10. Nxd4 Qa5+ 11. c3 Ne7 12. O-O g6 13. Qb5+ Nc6 14. Qxb7 1-0

[Event "FIRST SATURDAY TOURNAMENTS Budapest FM B"]
[Site "Budapest"]
[Date "2012.07.16"]
[Round "10.6"]
[White "Gruz, Janos"]
[Black "Bakos, Viktor"]
[Result "1-0"]
[WhiteElo "1868"]
[BlackElo "1435"]
[PlyCount "73"]
[EventDate "2012.07.07"]

1. e4 c5 2. Nf3 e6 3. d3 Nf6 4. c3 Nc6 5. Be2 Be7 6. O-O O-O 7. Qc2 Qc7 8. Bg5
h6 9. Bh4 d5 10. Nbd2 b6 11. Bg3 Bd6 12. Bxd6 Qxd6 13. Rfd1 d4 14. cxd4 Nxd4
15. Nxd4 Qxd4 16. Nb3 Qd8 17. Bf3 e5 18. a4 a5 19. Nd2 Ba6 20. Nc4 Bxc4 21.
dxc4 Qc7 22. h3 Rad8 23. Rxd8 Rxd8 24. Rd1 Rd4 25. Rxd4 exd4 26. g3 Nd7 27. Bg2
f6 28. b3 Ne5 29. f4 Nc6 30. Qe2 Qd6 31. Qh5 d3 32. e5 Qd4+ 33. Kh2 d2 34. Bd5+
Kh7 35. Qf5+ g6 36. Qd7+ Kh8 37. Qe8+ 1-0